000 00373nam a22001697a 4500
003 OSt
008 250403b |||||||| |||| 00| 0 eng d
020 _a9780553813548
082 _a133.3
_bBOB
100 _aBOLT,Carol
245 _aThe Book of Answers
250 _a1st Ed
260 _aUK
_bRandom House
_c2000
300 _a-
650 _aGeneral
942 _2ddc
_cREF
999 _c13250
_d13250